Cities of Ontario Quiz Stats

 Plays Quiz not verified by Sporcle

Challenge
Share
Tweet
Embed
Score 0/16 Timer 05:00
0 Plays Today
Population City % Correct
5,113,149Toronto
99.7%
1,130,761Ottawa
96.6%
692,911Hamilton
89.8%
457,720London
88.1%
323,342Windsor
83.6%
451,235Kitchener-Waterloo
77.1%
152,358Kingston
74.7%
158,258Greater Sudbury
74.1%
Population City % Correct
390,317St. Catharines-Niagara
71.3%
122,907Thunder Bay
71.3%
177,061Barrie
64.5%
330,594Oshawa
63.5%
127,009Guelph
47.1%
116,570Peterborough
40.6%
124,607Brantford
28%
108,589Chatham-Kent
13.7%

You're not logged in!

Compare scores with friends on all Sporcle quizzes.
Join for Free
OR
Log In

You Might Also Like...

Show Comments

Extras

Top Quizzes Today


Score Distribution

Your Account Isn't Verified!

In order to create a playlist on Sporcle, you need to verify the email address you used during registration. Go to your Sporcle Settings to finish the process.

Report this User

Report this user for behavior that violates our Community Guidelines.

Details: